[Event "119th NZL-ch op"]
[Site "Queenstown NZL"]
[Date "2012.01.21"]
[Round "7"]
[White "Schon, Eugene"]
[Black "Milligan, Helen"]
[Result "1-0"]
[WhiteElo "2188"]
[BlackElo "1979"]
[EventDate "2012.01.15"]
[PlyCount "63"]

1.d4 Nf6 2.c4 g6 3.g3 Bg7 4.Bg2 d6 5.Nc3 O-O 6.Nf3 Nbd7 7.O-O e5 8.e4 Re8 
9.h3 exd4 10.Nxd4 a6 11.Be3 c5 12.Nde2 Ne5 13.b3 Rb8 14.a4 Qc7 15.Ra2 Bd7 
16.f4 Nc6 17.Rd2 Nb4 18.Rxd6 Re6 19.Rd2 Be8 20.e5 Nd7 21.Nd5 Qc8 22.Nec3 
b6 23.Ne4 Bf8 24.Ng5 Nc6 25.Nxe6 fxe6 26.Nc3 Nd4 27.Ne4 Nf5 28.Bf2 Be7 29.
g4 Ng7 30.Nd6 Bxd6 31.Rxd6 Qd8 32.Bc6 1-0

[Event "119th NZL-ch op"]
[Site "Queenstown NZL"]
[Date "2012.01.21"]
[Round "7"]
[White "Seabrook, Roy"]
[Black "Ilic, Ilija"]
[Result "0-1"]
[WhiteElo "1873"]
[BlackElo "2010"]
[EventDate "2012.01.15"]
[PlyCount "92"]

1.e4 d6 2.d4 Nf6 3.Bd3 g6 4.Nf3 Bg7 5.O-O O-O 6.h3 Nc6 7.c3 e5 8.Be3 h6 9.
Qb3 a6 10.Nbd2 Nh5 11.Kh2 Nf4 12.Bxf4 exf4 13.Rad1 Ne7 14.Rfe1 b5 15.d5 c5
16.dxc6 Nxc6 17.Bb1 Ne5 18.Nd4 Qf6 19.N2f3 Nc4 20.Nc6 Bb7 21.Nb4 Rfe8 22.
Nd5 Bxd5 23.Rxd5 Qe6 24.Red1 Bf8 25.Nd4 Qf6 26.Nf3 Rac8 27.R5d4 Qe6 28.Qc2
b4 29.Qb3 bxc3 30.bxc3 Ne5 31.Nxe5 Qxe5 32.c4 Rb8 33.Qd3 Rb2 34.Rd2 Reb8 
35.Rxb2 Rxb2 36.Rd5 Qf6 37.f3 Rf2 38.Qd1 Qb2 39.Qg1 Rxf3 40.e5 dxe5 41.
Rxe5 Rxh3+ 42.Kxh3 Qxe5 43.Qd1 h5 44.a4 Qe3+ 45.Kh2 Bc5 46.Qd8+ Kg7 0-1

[Event "119th NZL-ch op"]
[Site "Queenstown NZL"]
[Date "2012.01.21"]
[Round "7"]
[White "Setiabudi, Megan"]
[Black "Tang, Jason"]
[Result "0-1"]
[WhiteElo "1755"]
[BlackElo "2030"]
[EventDate "2012.01.15"]
[PlyCount "58"]

1.e4 e6 2.d4 d5 3.Nd2 Nf6 4.e5 Nfd7 5.Bd3 c5 6.c3 Nc6 7.Ne2 cxd4 8.cxd4 f6
9.exf6 Nxf6 10.Nf3 Bd6 11.Bf4 Qa5+ 12.Bd2 Qc7 13.Qc1 O-O 14.Bf4 Bb4+ 15.
Bd2 Qd6 16.a3 Ba5 17.Bxa5 Nxa5 18.Qc3 Nc6 19.O-O Bd7 20.Rac1 Rac8 21.Qd2 
Nh5 22.Ng5 g6 23.Bb1 Nf4 24.Rfe1 Nxe2+ 25.Rxe2 Nxd4 26.Re3 Rxc1+ 27.Qxc1 
Qf4 28.Qd2 e5 29.Nh3 Bxh3 0-1

[Event "119th NZL-ch op"]
[Site "Queenstown NZL"]
[Date "2012.01.21"]
[Round "7"]
[White "Simmonds, Leteisha"]
[Black "Stuart, Peter"]
[Result "0-1"]
[WhiteElo "1643"]
[BlackElo "1991"]
[EventDate "2012.01.15"]
[PlyCount "98"]

1.e4 c5 2.Nf3 e6 3.d4 cxd4 4.Nxd4 Nc6 5.c4 Nf6 6.Nc3 Bb4 7.Nxc6 bxc6 8.Bd3
e5 9.Bd2 O-O 10.a3 Be7 11.b4 d5 12.cxd5 cxd5 13.exd5 Bb7 14.Bc4 Rc8 15.Qb3
Qc7 16.Bb5 Rfd8 17.O-O Nxd5 18.Nxd5 Bxd5 19.Qe3 Qb7 20.Qe2 Bxg2 21.Ba6 
Bxf1 22.Qxf1 Qf3 23.Bxc8 Rxd2 24.Qg2 Qxg2+ 25.Kxg2 Bh4 26.Rf1 Kf8 27.Bb7 
Ra2 28.Kh3 Bxf2 29.Kg4 Bd4 30.Bd5 Rf2 31.Rxf2 Bxf2 32.a4 Ke7 33.h4 g6 34.
h5 f5+ 35.Kg5 Be3+ 36.Kh4 Kf6 37.hxg6 hxg6 38.Kg3 e4 39.Kg2 Ke5 40.Bg8 g5 
41.b5 Bb6 42.Bh7 f4 43.Bg6 Kd4 44.Kf1 Ke3 45.Bh5 f3 46.Ke1 Kf4 47.Kf1 g4 
48.Bxg4 Kxg4 49.Ke1 e3 0-1

[Event "119th NZL-ch op"]
[Site "Queenstown NZL"]
[Date "2012.01.21"]
[Round "7"]
[White "Smochina, Carolina"]
[Black "Cheng, Bobby"]
[Result "0-1"]
[WhiteElo "2167"]
[BlackElo "2375"]
[EventDate "2012.01.15"]
[PlyCount "70"]

1.c4 c6 2.Nc3 d5 3.cxd5 cxd5 4.d4 Nf6 5.Nf3 Nc6 6.Bf4 Bf5 7.e3 e6 8.Bb5 
Nd7 9.O-O Be7 10.Qa4 Qb6 11.Nd2 O-O 12.e4 dxe4 13.Nc4 Qxd4 14.Rad1 Nc5 15.
Rxd4 Nxa4 16.Rd7 Nxc3 17.bxc3 e5 18.Rxb7 exf4 19.Bxc6 Rac8 20.Rxe7 Rxc6 
21.Nd2 Rxc3 22.Nxe4 Ra3 23.Nd6 Bd3 24.Rfe1 Rxa2 25.h4 Bg6 26.Nc8 a5 27.Nb6
f6 28.Ra7 h5 29.Nc4 a4 30.Nd6 Kh7 31.Nb5 Re8 32.Rc1 Kh6 33.Nc3 Rc2 34.Rxc2
Re1+ 35.Kh2 Bxc2 0-1

[Event "119th NZL-ch op"]
[Site "Queenstown NZL"]
[Date "2012.01.21"]
[Round "7"]
[White "Solomon, Stephen"]
[Black "Pyke, Malcolm"]
[Result "1-0"]
[WhiteElo "2375"]
[BlackElo "2132"]
[EventDate "2012.01.15"]
[PlyCount "121"]

1.e4 e6 2.d4 d5 3.Nd2 Nf6 4.e5 Nfd7 5.Bd3 c5 6.c3 Nc6 7.Ne2 cxd4 8.cxd4 f6
9.exf6 Nxf6 10.Nf3 Bd6 11.O-O O-O 12.Bf4 Bxf4 13.Nxf4 Ne4 14.Ne2 Rxf3 15.
gxf3 Ng5 16.f4 Nh3+ 17.Kh1 Qh4 18.Qe1 Nxf4 19.Nxf4 Qxf4 20.Qe3 Qxd4 21.
Qxd4 Nxd4 22.f4 Bd7 23.Kg2 g6 24.Rac1 Nc6 25.Kg3 Kf7 26.h4 Rg8 27.a3 Kf6 
28.b4 a6 29.Kf3 e5 30.fxe5+ Kxe5 31.Ke3 Be6 32.Kd2 Kd6 33.Rce1 Ne5 34.Rf6 
Re8 35.Bf1 Nd7 36.Rf3 Rc8 37.Rfe3 Bf5 38.Bd3 Rf8 39.Bxf5 Rxf5 40.Re6+ Kc7 
41.Rc1+ Kd8 42.Ke3 Rh5 43.Kd4 Rxh4+ 44.Kxd5 Rh3 45.a4 Rd3+ 46.Kc4 Rf3 47.
Rd1 Rf7 48.Kd5 Kc7 49.Rc1+ Kd8 50.Kd6 Nb6 51.a5 Rd7+ 52.Ke5 Nd5 53.Rc4 Nc7
54.Rd6 Ne8 55.Rxd7+ Kxd7 56.Rc1 Ke7 57.Kd5 Kd7 58.Kc5 Kc7 59.Re1 Nf6 60.
Re7+ Kb8 61.Re6 1-0

[Event "119th NZL-ch op"]
[Site "Queenstown NZL"]
[Date "2012.01.21"]
[Round "7"]
[White "Stojic, Dusan"]
[Black "McDonald, John"]
[Result "1-0"]
[WhiteElo "2294"]
[BlackElo "2068"]
[EventDate "2012.01.15"]
[PlyCount "97"]

1.e4 c5 2.Nf3 g6 3.d4 cxd4 4.Nxd4 Nc6 5.Nc3 Bg7 6.Be3 Nf6 7.Bc4 O-O 8.Bb3 
a5 9.O-O d6 10.h3 Nxd4 11.Bxd4 Bd7 12.a4 Bc6 13.Qd3 Nd7 14.Bxg7 Kxg7 15.
Qd4+ f6 16.Kh1 Nc5 17.Bc4 Rc8 18.b3 Qd7 19.Rad1 b6 20.f4 Rcd8 21.Kh2 Qb7 
22.Rde1 e6 23.Rf2 Bxe4 24.Nxe4 Nxe4 25.Rxe4 d5 26.Rxe6 dxc4 27.Qxc4 Rf7 
28.Qb5 Rd5 29.Qxb6 Qd7 30.Qc6 h5 31.Qxd7 Rfxd7 32.Rb6 Rd2 33.Rxd2 Rxd2 34.
c4 Rc2 35.Rb7+ Kf8 36.h4 Rc3 37.Rb5 Kf7 38.c5 Ke6 39.c6 Rxc6 40.Rxa5 Rc2 
41.Rb5 Ra2 42.a5 Ra3 43.Kg3 Ra1 44.Kf3 Rf1+ 45.Ke4 Re1+ 46.Kd4 Rg1 47.b4 
Rxg2 48.a6 Rd2+ 49.Kc5 1-0

[Event "119th NZL-ch op"]
[Site "Queenstown NZL"]
[Date "2012.01.21"]
[Round "7"]
[White "Tao, Trevor"]
[Black "Reilly, Tim"]
[Result "1-0"]
[WhiteElo "2422"]
[BlackElo "2266"]
[EventDate "2012.01.15"]
[PlyCount "73"]

1.d4 d6 2.Nf3 g6 3.g3 Bg7 4.Bg2 f5 5.O-O Nf6 6.b3 O-O 7.Bb2 c6 8.c4 Na6 9.
Nbd2 Rb8 10.Qc2 b5 11.a3 Bd7 12.Bc3 Kh8 13.Rfe1 Qc7 14.e4 fxe4 15.Nxe4 Bf5
16.Nh4 Nxe4 17.Bxe4 Bxe4 18.Qxe4 Rf7 19.Rac1 bxc4 20.bxc4 Rbf8 21.f4 c5 
22.d5 Qd7 23.Bxg7+ Kxg7 24.Nf3 h6 25.Nh4 Qg4 26.Re3 Rxf4 27.Qxe7+ R8f7 28.
Qxd6 Rxc4 29.Rce1 Nc7 30.Rf3 Qd4+ 31.Kh1 Qxd5 32.Qxg6+ Kf8 33.Rf1 Rxf3 34.
Rxf3+ Ke7 35.Nf5+ Kd7 36.Qg7+ Kd8 37.Qe7+ 1-0

[Event "119th NZL-ch op"]
[Site "Queenstown NZL"]
[Date "2012.01.21"]
[Round "7"]
[White "Tionko, Efrain"]
[Black "Kempen, Leon"]
[Result "0-1"]
[WhiteElo "1865"]
[BlackElo "1999"]
[EventDate "2012.01.15"]
[PlyCount "80"]

1.e4 Nf6 2.e5 Nd5 3.d4 d6 4.c4 Nb6 5.exd6 exd6 6.Bd3 Nc6 7.Be3 Be7 8.Ne2 
Bg4 9.Nbc3 Bf6 10.Qd2 Qd7 11.Rc1 Bxe2 12.Bxe2 O-O 13.O-O Rfe8 14.Rfd1 Rad8
15.b3 g6 16.Bf3 Bg7 17.Ne2 d5 18.c5 Nc8 19.b4 N6e7 20.Nc3 c6 21.Rb1 Nf5 
22.Bg4 a6 23.a4 Qe7 24.Bxf5 gxf5 25.b5 axb5 26.axb5 Qe6 27.Bg5 f6 28.Bf4 
Rd7 29.bxc6 bxc6 30.Re1 Qf7 31.Rxe8+ Qxe8 32.Rb8 Re7 33.g3 Qd7 34.Qb2 Bf8 
35.Ra8 Re8 36.Kg2 Ne7 37.Ra6 Ng6 38.Bb8 f4 39.Ra7 Nh4+ 40.Kg1 Re1# 0-1

[Event "119th NZL-ch op"]
[Site "Queenstown NZL"]
[Date "2012.01.21"]
[Round "7"]
[White "Tsoi, Nicole"]
[Black "Jackson, L. Ross"]
[Result "1-0"]
[WhiteElo "1715"]
[BlackElo "1947"]
[EventDate "2012.01.15"]
[PlyCount "111"]

1.d4 d5 2.Bf4 Nf6 3.e3 e6 4.Nf3 c5 5.c3 Nc6 6.Nbd2 Be7 7.Bd3 Nh5 8.Bg3 
Nxg3 9.hxg3 h6 10.Ne5 Nxe5 11.dxe5 Qb6 12.Rb1 Bd7 13.Qg4 g5 14.c4 O-O-O 
15.Qe2 f6 16.exf6 Bxf6 17.O-O Qd6 18.Rfc1 Bc6 19.Rd1 h5 20.cxd5 Bxd5 21.
Ne4 Bxe4 22.Bxe4 Qc7 23.b3 h4 24.g4 Rxd1+ 25.Rxd1 Rd8 26.Rc1 Be7 27.b4 b6 
28.bxc5 Bxc5 29.Qb5 Rd6 30.Qe8+ Qd8 31.Qf7 Rd1+ 32.Rxd1 Qxd1+ 33.Kh2 Bd6+ 
34.f4 Qxg4 35.Qe8+ Kc7 36.Qc6+ Kd8 37.Qxd6+ Kc8 38.Qd2 Qg3+ 39.Kh1 h3 40.
gxh3 Qxh3+ 41.Kg1 gxf4 42.exf4 Qg3+ 43.Bg2 Kc7 44.Kf1 Qa3 45.Be4 Qh3+ 46.
Kf2 Qa3 47.Qc2+ Kd6 48.Qd3+ Qxd3 49.Bxd3 a5 50.Bc4 e5 51.f5 e4 52.f6 b5 
53.f7 Ke7 54.Bd5 b4 55.Ke3 a4 56.Kxe4 1-0

[Event "119th NZL-ch op"]
[Site "Queenstown NZL"]
[Date "2012.01.21"]
[Round "7"]
[White "Voon, Richard"]
[Black "Holdaway, Stewart"]
[Result "1-0"]
[WhiteElo "1933"]
[BlackElo "1746"]
[EventDate "2012.01.15"]
[PlyCount "59"]

1.d4 Nf6 2.c4 c5 3.Nf3 e6 4.g3 cxd4 5.Nxd4 Bc5 6.Nc3 d5 7.cxd5 Nxd5 8.Bg2 
Nxc3 9.bxc3 e5 10.Qa4+ Bd7 11.Qc4 Qb6 12.Nb3 Bxf2+ 13.Kf1 O-O 14.Ba3 Rc8 
15.Qd3 Qf6 16.Be7 Qxe7 17.Kxf2 Bc6 18.Rhd1 Bxg2 19.Kxg2 Nc6 20.Qe4 Rd8 21.
Rf1 Rd7 22.Rf2 Rad8 23.Raf1 f6 24.Rf5 Qd6 25.Qg4 Qd5+ 26.e4 Qd3 27.Rxf6 
Re7 28.R6f3 Qc2+ 29.R1f2 Qd1 30.Rf8+ 1-0

[Event "119th NZL-ch op"]
[Site "Queenstown NZL"]
[Date "2012.01.21"]
[Round "7"]
[White "Vuglar, Shannon"]
[Black "Kay, Bruce"]
[Result "1-0"]
[WhiteElo "1581"]
[BlackElo "1823"]
[EventDate "2012.01.15"]
[PlyCount "91"]

1.e4 e5 2.Nf3 Nc6 3.Bb5 a6 4.Bxc6 dxc6 5.Nc3 f6 6.d4 exd4 7.Nxd4 c5 8.Nde2
Qxd1+ 9.Nxd1 Bd7 10.Bf4 O-O-O 11.Ne3 Bc6 12.f3 Ne7 13.Rd1 Rxd1+ 14.Nxd1 
Ng6 15.Bg3 Bd6 16.Kf2 Rd8 17.Ne3 Be5 18.c3 b5 19.Rd1 Rxd1 20.Nxd1 Bxg3+ 
21.Nxg3 Nf4 22.Ne2 Ne6 23.Ke3 Kd7 24.h4 g6 25.Nf4 Nxf4 26.Kxf4 Ke6 27.Nf2 
c4 28.g3 h5 29.Ke3 Be8 30.Kf4 Bf7 31.Nd1 c6 32.a3 Kd6 33.Ne3 Ke6 34.Nc2 c5
35.Ne3 Kd6 36.g4 hxg4 37.Nxg4 Ke6 38.e5 f5 39.Nf6 Ke7 40.Kg5 Ke6 41.f4 Ke7
42.h5 gxh5 43.Nxh5 Be6 44.Ng7 Kf7 45.Nxe6 Kxe6 46.Kg6 1-0

[Event "119th NZL-ch op"]
[Site "Queenstown NZL"]
[Date "2012.01.21"]
[Round "7"]
[White "Wallis, Christopher"]
[Black "Johansen, Darryl"]
[Result "0-1"]
[WhiteElo "2259"]
[BlackElo "2403"]
[EventDate "2012.01.15"]
[PlyCount "90"]

1.e4 c5 2.Nf3 e6 3.d4 cxd4 4.Nxd4 Nc6 5.Nc3 Qc7 6.Be3 a6 7.Qd2 Nf6 8.O-O-O
b5 9.Bf4 Ne5 10.f3 Be7 11.Kb1 O-O 12.g4 d6 13.a3 Rb8 14.Bg5 Bb7 15.Bxf6 
Bxf6 16.g5 Be7 17.f4 Nc6 18.Nb3 Rfd8 19.Bg2 Bf8 20.h4 b4 21.axb4 Nxb4 22.
Qf2 a5 23.f5 exf5 24.exf5 Bxg2 25.Qxg2 Rdc8 26.Rd2 a4 27.Nxa4 Qa7 28.Nc3 
Nxc2 29.Kxc2 Rxc3+ 30.bxc3 Qa2+ 31.Kd1 Qxb3+ 32.Rc2 d5 33.Qd2 d4 34.Rh3 
Qb1+ 35.Qc1 Qb5 36.Rf3 d3 37.Rd2 Qa4+ 38.Ke1 Qxh4+ 39.Rdf2 Bc5 40.Qf4 
Bxf2+ 41.Rxf2 Qh1+ 42.Kd2 Qb1 43.Qd4 Re8 44.Qa4 Qe1+ 45.Kxd3 Rd8+ 0-1

[Event "119th NZL-ch op"]
[Site "Queenstown NZL"]
[Date "2012.01.21"]
[Round "7"]
[White "West, Guy"]
[Black "Maroroa, Sue"]
[Result "1/2-1/2"]
[WhiteElo "2323"]
[BlackElo "2020"]
[EventDate "2012.01.15"]
[PlyCount "83"]

1.Nf3 Nf6 2.d4 b6 3.g3 Bb7 4.Bg2 g6 5.c4 Bg7 6.O-O O-O 7.d5 Ne4 8.Qc2 f5 
9.Nbd2 Nd6 10.Nb3 c6 11.c5 Ne4 12.cxb6 axb6 13.dxc6 Nxc6 14.Ng5 Nd6 15.Be3
Nb4 16.Qd2 Bxg2 17.Kxg2 Ra4 18.Rfd1 Nc4 19.Qxd7 Qxd7 20.Rxd7 Nxe3+ 21.fxe3
Bxb2 22.Rb1 Bf6 23.Ne6 Rc8 24.Nbd4 Nc2 25.Kf3 Rxa2 26.Rxb6 Ne1+ 27.Kf2 
Nd3+ 28.Kg2 Ne1+ 29.Kf1 Nc2 30.Kf2 Kf7 31.Rbb7 Nxd4 32.Nxd4 Rd2 33.Nb5 
Rxd7 34.Rxd7 Ke6 35.Rd2 Kf7 36.Ra2 Rc5 37.Nd4 Rc3 38.Rd2 Rc5 39.Nf3 Rc7 
40.Ra2 Rc4 41.Nd2 Rc3 42.Nf3 1/2-1/2

[Event "119th NZL-ch op"]
[Site "Queenstown NZL"]
[Date "2012.01.21"]
[Round "7"]
[White "Xie, George Wendi"]
[Black "Ikeda, Junta"]
[Result "0-1"]
[WhiteElo "2459"]
[BlackElo "2349"]
[EventDate "2012.01.15"]
[PlyCount "90"]

1.e4 c5 2.Nf3 e6 3.c3 d5 4.exd5 exd5 5.d4 Nc6 6.Bb5 Bd6 7.dxc5 Bxc5 8.O-O 
Nf6 9.Nd4 O-O 10.Nxc6 bxc6 11.Bxc6 Ng4 12.Qxd5 Bxf2+ 13.Rxf2 Qb6 14.Qd4 
Qxc6 15.Rf4 Re8 16.Nd2 Ne3 17.Rf2 Nc2 18.Qf4 Be6 19.Nf3 Nxa1 20.Nd4 Qd7 
21.b3 Bxb3 22.axb3 Nxb3 23.Nxb3 Qd1+ 24.Rf1 Qxb3 25.Be3 Qe6 26.Bd4 f6 27.
h4 Qe4 28.Qg3 Qg6 29.Qf3 Re4 30.Qd1 Rae8 31.h5 Qg4 32.Qb3+ Qe6 33.Qa4 Re1 
34.Bf2 Rxf1+ 35.Kxf1 h6 36.Qxa7 Qe2+ 37.Kg1 Qd1+ 38.Kh2 Qxh5+ 39.Kg1 Qd5 
40.Bd4 Re1+ 41.Kf2 Rb1 42.Qa3 Qf5+ 43.Kg3 Qg5+ 44.Kf2 Qf4+ 45.Ke2 Qf1+ 0-1

[Event "119th NZL-ch op"]
[Site "Queenstown NZL"]
[Date "2012.01.21"]
[Round "7"]
[White "Zelesco, Karl"]
[Black "Smith, Robert"]
[Result "1-0"]
[WhiteElo "1990"]
[BlackElo "2273"]
[EventDate "2012.01.15"]
[PlyCount "117"]

1.d4 Nf6 2.c4 c5 3.d5 e5 4.Nc3 d6 5.e4 Be7 6.g3 O-O 7.Bg2 Na6 8.Nf3 Nc7 9.
h3 a6 10.a4 Rb8 11.a5 b5 12.axb6 Rxb6 13.O-O Nfe8 14.Ne1 f5 15.Nd3 Nf6 16.
Kh2 fxe4 17.Nxe4 Bf5 18.Qe2 Qe8 19.g4 Bxe4 20.Bxe4 Nxe4 21.Qxe4 Qg6 22.
Qxg6 hxg6 23.Bd2 e4 24.Ba5 Rb7 25.Rfe1 exd3 26.Rxe7 Rxf2+ 27.Kg3 Rf7 28.
Rxf7 Kxf7 29.Bc3 g5 30.Kf3 Rb8 31.Ke3 Rh8 32.Rf1+ Kg6 33.Rf3 Ne8 34.Ba5 
Nf6 35.Bc7 d2 36.Kxd2 Rc8 37.Ba5 Re8 38.Re3 Kf7 39.Rxe8 Kxe8 40.Kd3 Nd7 
41.b4 cxb4 42.Bxb4 Ke7 43.Kd4 Nf6 44.Bd2 Nh7 45.Ke4 g6 46.Kd4 Kd7 47.c5 
dxc5+ 48.Kxc5 Nf6 49.Kd4 Kd6 50.Bb4+ Kd7 51.Ke5 Nh7 52.Ba5 Ke7 53.Bb4+ Kd7
54.d6 Nf8 55.Kf6 Ne6 56.Kxg6 Nf4+ 57.Kxg5 Nxh3+ 58.Kf5 a5 59.Ba3 1-0

[Event "119th NZL-ch op"]
[Site "Queenstown NZL"]
[Date "2012.01.21"]
[Round "7"]
[White "Zhao Jun"]
[Black "Li Chao"]
[Result "1/2-1/2"]
[WhiteElo "2569"]
[BlackElo "2693"]
[EventDate "2012.01.15"]
[PlyCount "67"]

1.Nf3 d5 2.d4 Nf6 3.c4 c6 4.Nc3 dxc4 5.a4 Bf5 6.Ne5 Nbd7 7.Nxc4 Qc7 8.g3 
e5 9.dxe5 Nxe5 10.Bf4 Nfd7 11.Bg2 g5 12.Bxe5 Nxe5 13.Qd4 f6 14.O-O-O Rd8 
15.Qe3 Be7 16.Rxd8+ Kxd8 17.Rd1+ Kc8 18.Nxe5 Qxe5 19.Qxa7 Ba3 20.Qd4 Qxd4 
21.Rxd4 Bc5 22.Rd2 Be6 23.e3 Kc7 24.Be4 h5 25.Bc2 h4 26.Ne4 Be7 27.f4 hxg3
28.hxg3 Rh3 29.Rf2 Bd5 30.fxg5 fxg5 31.Kd2 Bxe4 32.Bxe4 Rxg3 33.Rg2 Rxg2+ 
34.Bxg2 1/2-1/2

[Event "119th NZL-ch op"]
[Site "Queenstown NZL"]
[Date "2012.01.21"]
[Round "7"]
[White "Zhao Xue"]
[Black "Illingworth, Max"]
[Result "1/2-1/2"]
[WhiteElo "2551"]
[BlackElo "2388"]
[EventDate "2012.01.15"]
[PlyCount "353"]

1.d4 Nf6 2.c4 c5 3.d5 b5 4.cxb5 a6 5.bxa6 g6 6.Nc3 Bxa6 7.Nf3 d6 8.g3 Bg7 
9.Bg2 Nfd7 10.Qc2 Nb6 11.O-O N8d7 12.Rd1 O-O 13.e4 Nc4 14.Bd2 Qb6 15.Na4 
Qb5 16.Rab1 Nxd2 17.Rxd2 Qa5 18.Bh3 Bc8 19.b3 Ne5 20.Nxe5 Bxe5 21.Bxc8 
Rfxc8 22.Nb2 Qxa2 23.Nc4 Qxb1+ 24.Qxb1 Ra1 25.Qf1 Rxf1+ 26.Kxf1 Bg7 27.Ra2
Rb8 28.Ra7 Bf8 29.Ra3 f5 30.exf5 gxf5 31.Ne3 f4 32.gxf4 Rb4 33.Kg2 Kf7 34.
Kf3 Rd4 35.h3 Bh6 36.Ra4 Rd3 37.Kg4 Rxb3 38.Re4 Rb4 39.Nc4 Bg7 40.Kf5 Bd4 
41.Na5 Rb2 42.Nc6 Bf6 43.Ra4 Rd2 44.Nd8+ Kg7 45.Ne6+ Kh6 46.Nc7 Rxf2 47.
Ne8 Be5 48.Kg4 Bd4 49.f5 Be5 50.Re4 Rg2+ 51.Kf3 Rg3+ 52.Ke2 Rxh3 53.f6 
exf6 54.Ra4 Rh2+ 55.Kd3 Rh1 56.Ke2 Kg6 57.Ra6 Rh4 58.Nxd6 Rd4 59.Nc8 h5 
60.Rc6 c4 61.Nb6 Re4+ 62.Kf3 Rf4+ 63.Ke3 c3 64.d6 Bxd6 65.Rxd6 Rf1 66.Rc6 
h4 67.Ke2 Rb1 68.Nd5 Kg5 69.Nxc3 Rb4 70.Kf3 f5 71.Rc8 Rb3 72.Kg2 Rb2+ 73.
Kf3 Rb3 74.Kf2 Rb2+ 75.Ne2 Ra2 76.Rg8+ Kf6 77.Rg1 Ra4 78.Nc3 Rg4 79.Ra1 
Kg5 80.Ra8 Kf6 81.Rf8+ Ke5 82.Re8+ Kf6 83.Nd5+ Kg5 84.Rg8+ Kh6 85.Rf8 Kg5 
86.Ne3 Rf4+ 87.Kg2 Kg6 88.Nd5 Re4 89.Kf3 Re1 90.Nf4+ Kg5 91.Rg8+ Kf6 92.
Nd5+ Kf7 93.Rh8 Rh1 94.Ne3 h3 95.Nxf5 Rf1+ 96.Kg4 Rg1+ 97.Ng3 Kf6 98.Rxh3 
Ke5 99.Rh5+ Ke6 100.Kf4 Ra1 101.Re5+ Kd6 102.Ne4+ Kd7 103.Rh5 Ra4 104.Rh6 
Ke7 105.Ke5 Ra5+ 106.Kd4 Ra1 107.Ng3 Ra5 108.Ne4 Ra1 109.Kd5 Rd1+ 110.Ke5 
Kd7 111.Nc3 Re1+ 112.Kd5 Ke7 113.Ra6 Rh1 114.Ra7+ Kf6 115.Ne4+ Kg6 116.Ke5
Re1 117.Ra2 Kf7 118.Rf2+ Ke7 119.Rh2 Kd7 120.Rh6 Rd1 121.Nf6+ Kc6 122.Ng4+
Kc5 123.Ne3 Re1 124.Ke4 Ra1 125.Rh5+ Kd6 126.Nc4+ Kc6 127.Ne5+ Kd6 128.
Rh6+ Ke7 129.Nc6+ Kd7 130.Kd5 Rd1+ 131.Nd4 Ke7 132.Rh4 Ra1 133.Nc6+ Kf6 
134.Rf4+ Kg5 135.Rf8 Re1 136.Ne5 Ra1 137.Nf3+ Kg4 138.Ke4 Ra4+ 139.Nd4 Kg5
140.Rf5+ Kg4 141.Rc5 Ra8 142.Ke5 Ra1 143.Kf6 Kf4 144.Re5 Ra8 145.Ne6+ Kf3 
146.Kf5 Ra4 147.Rb5 Ke3 148.Rb3+ Kd2 149.Ke5 Ra8 150.Ke4 Re8 151.Rb6 Kc3 
152.Rd6 Rh8 153.Rc6+ Kd2 154.Kf3 Kd3 155.Rd6+ Kc4 156.Ke4 Rh4+ 157.Nf4 Kc5
158.Rf6 Kc4 159.Rc6+ Kb5 160.Rc1 Rh8 161.Kd4 Rh4 162.Ke5 Kb4 163.Nd3+ Kb5 
164.Rb1+ Kc6 165.Nf4 Rh8 166.Rc1+ Kb5 167.Nd3 Rh5+ 168.Ke4 Rh4+ 169.Kd5 
Rh5+ 170.Ne5 Kb4 171.Rc8 Rh4 172.Nf3 Rh1 173.Rc4+ Kb5 174.Nd4+ Kb6 175.
Rb4+ Kc7 176.Ne6+ Kc8 177.Kd6 1/2-1/2

[Event "119th NZL-ch op"]
[Site "Queenstown NZL"]
[Date "2012.01.22"]
[Round "8"]
[White "Akshat, Khamparia"]
[Black "Stojic, Dusan"]
[Result "1-0"]
[WhiteElo "2414"]
[BlackElo "2294"]
[EventDate "2012.01.15"]
[PlyCount "87"]

1.d4 Nf6 2.c4 g6 3.Nc3 d5 4.Nf3 Bg7 5.cxd5 Nxd5 6.Bg5 Nxc3 7.bxc3 c5 8.e3 
Qa5 9.Qd2 Nc6 10.Rc1 cxd4 11.cxd4 Qxd2+ 12.Kxd2 Be6 13.Rb1 O-O-O 14.Bb5 
Bxa2 15.Rbc1 f6 16.Bxc6 bxc6 17.Rxc6+ Kb7 18.Rc2 Bd5 19.Bf4 e5 20.Bg3 Rd7 
21.Ke2 Be4 22.Rc3 Rc8 23.Rxc8 Kxc8 24.dxe5 Bd3+ 25.Ke1 Bf8 26.exf6 Bb4+ 
27.Kd1 Rd5 28.Be5 Kd8 29.Bd4 Ra5 30.Ne5 Be4 31.f3 Bb7 32.Kc2 Rd5 33.Rb1 a5
34.Nd3 Rb5 35.Bc5 Ke8 36.Bxb4 axb4 37.Rxb4 Rxb4 38.Nxb4 Kf7 39.Kd3 Kxf6 
40.e4 g5 41.g3 h5 42.Ke3 h4 43.gxh4 gxh4 44.Nd3 1-0

[Event "119th NZL-ch op"]
[Site "Queenstown NZL"]
[Date "2012.01.22"]
[Round "8"]
[White "Ayaz, Hacer"]
[Black "Smith, Vivian"]
[Result "1-0"]
[WhiteElo "1846"]
[BlackElo "1752"]
[EventDate "2012.01.15"]
[PlyCount "137"]

1.d4 Nf6 2.Nf3 g6 3.b3 Bg7 4.Bb2 O-O 5.Nbd2 d6 6.e4 c6 7.c4 Qc7 8.Bd3 Nbd7
9.O-O e5 10.c5 d5 11.dxe5 Nxe4 12.Nxe4 dxe4 13.Bxe4 Nxe5 14.Qc2 Nxf3+ 15.
Bxf3 Bf5 16.Qc1 Bxb2 17.Qxb2 Rfe8 18.Rfe1 Rad8 19.b4 a6 20.Re2 Rxe2 21.
Bxe2 Re8 22.Bc4 Qe5 23.Qxe5 Rxe5 24.a3 Be6 25.Bxe6 Rxe6 26.Kf1 Kf8 27.Rd1 
Ke7 28.Rd3 h5 29.f4 Re4 30.g3 h4 31.Kf2 hxg3+ 32.hxg3 Rc4 33.Kf3 f6 34.Kg4
Re4 35.Kf3 Rc4 36.Kg4 Re4 37.Kf3 Rc4 38.Re3+ Kf7 39.g4 Rc1 40.g5 f5 41.Rd3
Ke7 42.Rd6 Kf7 43.Rd3 Ke7 44.Rd6 Rc3+ 45.Kf2 Rxa3 46.Rxg6 Rb3 47.Rg7+ Kf8 
48.Rxb7 a5 49.Rb6 a4 50.Rxc6 Rxb4 51.Ke3 a3 52.Ra6 Re4+ 53.Kf3 Rc4 54.c6 
Rc3+ 55.Ke2 a2 56.Rxa2 Rxc6 57.Ra5 Rc3 58.Rxf5+ Kg7 59.Re5 Kf7 60.Re3 Rc4 
61.Kf3 Kg7 62.Kg4 Rc1 63.Kf5 Kf8 64.Kf6 Rf1 65.f5 Rd1 66.g6 Rd8 67.g7+ Kg8
68.Kg6 Rd6+ 69.f6 1-0

[Event "119th NZL-ch op"]
[Site "Queenstown NZL"]
[Date "2012.01.22"]
[Round "8"]
[White "Bennett, Hilton"]
[Black "Johnson, Quentin"]
[Result "1-0"]
[WhiteElo "1965"]
[BlackElo "2127"]
[EventDate "2012.01.15"]
[PlyCount "55"]

1.e4 c5 2.Nc3 Nc6 3.f4 g6 4.Nf3 Bg7 5.Bb5 Nd4 6.Bd3 d6 7.Nxd4 cxd4 8.Ne2 
Nf6 9.O-O O-O 10.Qe1 a6 11.Kh1 Nd7 12.c3 dxc3 13.dxc3 Nc5 14.Bc2 b5 15.Nd4
Qc7 16.f5 b4 17.Bd2 Nd7 18.fxg6 hxg6 19.Nf3 bxc3 20.bxc3 Ne5 21.Ng5 e6 22.
Qh4 Re8 23.Bf4 Re7 24.Bxe5 Bxe5 25.Qh7+ Kf8 26.Qxg6 Bxc3 27.Nh7+ Ke8 28.
Ba4+ 1-0

[Event "119th NZL-ch op"]
[Site "Queenstown NZL"]
[Date "2012.01.22"]
[Round "8"]
[White "Bird, Andrew"]
[Black "Xie, George Wendi"]
[Result "1-0"]
[WhiteElo "2216"]
[BlackElo "2459"]
[EventDate "2012.01.15"]
[PlyCount "79"]

1.Nf3 c5 2.c4 Nc6 3.Nc3 e5 4.e3 Nf6 5.d4 cxd4 6.exd4 e4 7.Ne5 Qa5 8.c5 d6 
9.Nc4 Qd8 10.d5 Nb8 11.Bg5 h6 12.Bxf6 gxf6 13.Nxe4 dxc5 14.Qa4+ Nd7 15.
O-O-O Bg7 16.Ncd6+ Kf8 17.Qc2 Nb6 18.Nxc8 Rxc8 19.Ng3 f5 20.Nxf5 Bf6 21.
Bc4 Qd7 22.g4 h5 23.h3 Na4 24.d6 Bxb2+ 25.Kb1 Bf6 26.g5 Nc3+ 27.Ka1 Ne4+ 
28.gxf6 Qxf5 29.Rhe1 Qxf6+ 30.Qb2 Qxb2+ 31.Kxb2 Nxf2 32.Rd5 Nxh3 33.Rf5 
Kg7 34.Rxf7+ Kg6 35.Rf3 Ng5 36.Bd3+ Kh6 37.Rf6+ Kg7 38.Rg6+ Kf7 39.Re7+ 
Kf8 40.Rf6+ 1-0

[Event "119th NZL-ch op"]
[Site "Queenstown NZL"]
[Date "2012.01.22"]
[Round "8"]
[White "Brockman, Roland"]
[Black "Benson, Christopher"]
[Result "0-1"]
[WhiteElo "1703"]
[BlackElo "1924"]
[EventDate "2012.01.15"]
[PlyCount "68"]

1.d4 Nf6 2.Bg5 Ne4 3.Bf4 g6 4.e3 Bg7 5.Bd3 f5 6.h4 h6 7.Nf3 d6 8.Nbd2 Nxd2
9.Qxd2 Nd7 10.d5 Nc5 11.O-O-O e5 12.Bb5+ Bd7 13.Bxd7+ Qxd7 14.Bh2 a5 15.
Ne1 e4 16.f3 Qb5 17.c3 Ra6 18.g4 Rb6 19.Qc2 a4 20.gxf5 gxf5 21.fxe4 fxe4 
22.Rg1 Qc4 23.a3 Qa2 24.Qb1 Qxb1+ 25.Kxb1 Bxc3 26.Rg2 Rf8 27.Bf4 Rb3 28.
Rc1 Bxe1 29.Rxe1 Nd3 30.Rf1 Nxf4 31.exf4 Rf3 32.Rxf3 exf3 33.Rf2 Rxf4 34.
h5 Kf7 0-1

[Event "119th NZL-ch op"]
[Site "Queenstown NZL"]
[Date "2012.01.22"]
[Round "8"]
[White "Brown, Kevin"]
[Black "Lim Kian Hwa"]
[Result "1-0"]
[WhiteElo "1728"]
[BlackElo "1922"]
[EventDate "2012.01.15"]
[PlyCount "83"]

1.e4 e5 2.Nf3 Nc6 3.Bb5 a6 4.Bxc6 dxc6 5.O-O f6 6.d4 exd4 7.Nxd4 c5 8.Nb3 
Qxd1 9.Rxd1 Bd6 10.Na5 h5 11.Nc4 Ke7 12.Nxd6 cxd6 13.Bf4 c4 14.Bxd6+ Kf7 
15.Nc3 Be6 16.Rd2 Rd8 17.Rad1 Ne7 18.Bxe7 Kxe7 19.Nd5+ Bxd5 20.Rxd5 Rxd5 
21.Rxd5 Rd8 22.Rxd8 Kxd8 23.Kf1 Kd7 24.Ke2 Kd6 25.Ke3 Kc5 26.c3 b5 27.f4 
a5 28.a3 g6 29.g3 f5 30.h3 a4 31.Kf3 Kd6 32.g4 Ke6 33.exf5+ gxf5 34.g5 h4 
35.Ke2 Kd6 36.Ke3 Kd5 37.g6 Ke6 38.Kd4 Kf6 39.Kc5 Kxg6 40.Kxb5 Kf6 41.Kxc4
Ke6 42.Kc5 1-0

[Event "119th NZL-ch op"]
[Site "Queenstown NZL"]
[Date "2012.01.22"]
[Round "8"]
[White "Burns, Christopher John"]
[Black "Tsoi, Nicole"]
[Result "1-0"]
[WhiteElo "2022"]
[BlackElo "1715"]
[EventDate "2012.01.15"]
[PlyCount "81"]

1.e4 e6 2.d4 d5 3.e5 c5 4.c3 Nc6 5.Nf3 Bd7 6.Be2 Nge7 7.O-O Nf5 8.b3 Qb6 
9.g4 Nfe7 10.Bf4 h5 11.h3 Ng6 12.Bg5 Be7 13.Bxe7 Ngxe7 14.Na3 cxd4 15.cxd4
a6 16.Nc2 hxg4 17.hxg4 f6 18.Qd2 O-O-O 19.b4 fxe5 20.dxe5 Ng6 21.Qg5 Rh6 
22.b5 axb5 23.Rab1 Qc7 24.Rfc1 Ngxe5 25.Ncd4 Nxf3+ 26.Bxf3 Rf8 27.Qxg7 
Qh2+ 28.Kf1 Rhf6 29.Rb3 Qh3+ 30.Ke2 Kb8 31.Nxc6+ Bxc6 32.Rh1 Qxf3+ 33.Rxf3
Rxf3 34.Qe5+ Kc8 35.Rh2 Bd7 36.g5 R3f4 37.g6 R4f5 38.Qc3+ Kd8 39.g7 Re8 
40.Rh8 Rg5 41.Qf6+ 1-0